DFT guide to disabled access (Record no. 71515)

MARC details
000 -LEADER
fixed length control field 00987cam a2200193 4500
001 - CONTROL NUMBER
control field WB3841-01
008 - FIXED-LENGTH DATA ELEMENTS--GENERAL INFORMATION
fixed length control field 021104n2002 000 0 eng u
035 ## - SYSTEM CONTROL NUMBER
System control number (Sirsi) u120359
245 ## - TITLE STATEMENT
Title DFT guide to disabled access
260 ## - PUBLICATION, DISTRIBUTION, ETC.
Date of publication, distribution, etc. 2002
490 ## - SERIES STATEMENT
Series statement DfT News Release
Volume/sequential designation (084) 1 November 2002, (2)
520 ## - SUMMARY, ETC.
Summary, etc. Department for Transport has published "Inclusive mobility - a guide to best practice on access to pedestrian and transport infrastructure" to provide advice on design of public transport and pedestrian networks to ensure that disabled and elderly needs are catered for. Available free from +44 (0)870 1226 236 or downloadable from www.mobility-unit.dft.gov.uk/#disabledpedestrians DfT News Release www.dft.gov.uk/news/0211/0084.htm
590 ## - LOCAL NOTE (RLIN)
Local note WB
650 ## - SUBJECT ADDED ENTRY--TOPICAL TERM
Topical term or geographic name entry element MANAGEMENT-BUSINESS MANAGEMENT-DISCRIMINATION-DISABILITY DISCRIMINATION-ACCESSIBILITY
650 ## - SUBJECT ADDED ENTRY--TOPICAL TERM
Topical term or geographic name entry element DISABILITY DISCRIMINATION ACT 1995
650 ## - SUBJECT ADDED ENTRY--TOPICAL TERM
Topical term or geographic name entry element MOBILITY
690 ## - LOCAL SUBJECT ADDED ENTRY--TOPICAL TERM (OCLC, RLIN)
Topical term or geographic name as entry element BUILT ENVIRONMENT
942 ## - ADDED ENTRY ELEMENTS (KOHA)
Suppress in OPAC 0
Holdings
Withdrawn status Lost status Source of classification or shelving scheme Damaged status Not for loan Home library Current library Shelving location Date acquired Total Checkouts Full call number Barcode Date last seen Copy number Price effective from Koha item type
    Dewey Decimal Classification     London London News article 04/11/2002   WB3841-01 120359-1001 06/08/2019 1 06/08/2019 News article